000 00257nam a2200109Ia 4500
008 220204s9999 xx 000 0 und d
082 _a82-3
_bDAV
100 _aDavidson, Lionel
245 4 _aThe Sun chemist
260 _aEngland
_bPenguin
_c1978
942 _cBK
999 _c29507
_d29507